书目信息 |
| 题名: |
兵经百字 唐李问对
|
|
| 作者: | 戴庞海 , 阎睿 , 周媛 注译 | |
| 分册: | ||
| 出版信息: | 郑州 中州古籍出版社 2018 |
|
| 页数: | 224页 | |
| 开本: | 23cm | |
| 丛书名: | ||
| 单 册: | ||
| 中图分类: | E892.48 | |
| 科图分类: | ||
| 主题词: | 兵法--中国--明代 | |
| 电子资源: | ||
| ISBN: | 978-7-5348-7407-9 | |
| 000 | 00889nam0 2200265 450 | |
| 001 | 012001001510 | |
| 005 | 20140921103355.0 | |
| 010 | @a978-7-5348-7407-9@b精装@dCNY42.00 | |
| 100 | @a20180315d2018 em y0chiy50 ea | |
| 101 | 0 | @achi |
| 102 | @aCN@b410000 | |
| 105 | @ay z 000yy | |
| 106 | @ar | |
| 200 | 1 | @a兵经百字 唐李问对@9bing jing bai zi tang li wen dui@f戴庞海,阎睿,周媛注译 |
| 210 | @a郑州@c中州古籍出版社@d2018 | |
| 215 | @a224页@d23cm | |
| 300 | @a国学经典 典藏版(第二辑) | |
| 330 | @a本书包含《兵经百字》《唐李问对》两部国学经典,体例上以原文、注释、译文的形式对经典著作进行注解,以全本形式呈现在读者面前。 | |
| 606 | 0 | @a兵法@y中国@z明代 |
| 690 | @aE892.48@v5 | |
| 701 | 0 | @a戴庞海@9dai pang hai@f(1966-)@4注译 |
| 701 | 0 | @a阎睿@9yan rui@4注译 |
| 701 | 0 | @a周媛@9zhou yuan@4注译 |
| 801 | 0 | @aCN@b上海新华@c20180901 |
| 905 | @b1151972-6@dE892.48@e88@f5 | |
| 兵经百字 唐李问对/戴庞海,阎睿,周媛注译.-郑州:中州古籍出版社,2018 |
| 224页;23cm |
| 国学经典 典藏版(第二辑) |
| ISBN 978-7-5348-7407-9(精装):CNY42.00 |
| 本书包含《兵经百字》《唐李问对》两部国学经典,体例上以原文、注释、译文的形式对经典著作进行注解,以全本形式呈现在读者面前。 |
| ● |
| 相关链接 |
|
|
|
|
正题名:兵经百字 唐李问对
索取号:E892.48/88
 
预约/预借
| 序号 | 登录号 | 条形码 | 馆藏地/架位号 | 状态 | 备注 |
| 1 | 1151972 | 211519720 | 第一样本阅览室/ [索取号:E892.48/88] | 在馆 | |
| 2 | 1151973 | 211519739 | 第一借阅区/ [索取号:E892.48/88] | 在馆 | |
| 3 | 1151974 | 211519748 | 第一借阅区/ [索取号:E892.48/88] | 在馆 | |
| 4 | 1151975 | 211519757 | 第一借阅区/ [索取号:E892.48/88] | 在馆 | |
| 5 | 1151976 | 211519766 | 密集书库-资源管理系/ [索取号:E892.48/88] | 在馆 |